00377nam a2200133 a 4500008004100000020001500041050001600056100001600072245004000088246003800128260004500166300002300211350000900234120416s0000 ||||||||||||||||| || u a085505042X aHF 5635 Qua aWood, Frank10aQuantitative and accounting methods aa textbook for BECN award courses aLancashirebPolytechnic Publishersc1980 a(vi), 394p. : ill. a0.00